Strategické finančné riadenie podnikov

Enregistré dans:
Détails bibliographiques
Auteur principal: Dubovická, Lenka
Format: Chapitre de livre
Langue:slovaque
Tags: Ajouter un tag
Pas de tags, Soyez le premier à ajouter un tag!

MARC

LEADER 00000nla$a2200000$$$4500
001 0150239
005 20240502072712.9
041 0 |a slo 
044 |a SK 
245 1 0 |a Strategické finančné riadenie podnikov  |c Lenka Dubovická 
100 1 |a Dubovická, Lenka